000 00532nam a2200181Ia 4500
005 20250508154701.0
008 008 250505s9999 xx 000 0 urd d
037 _aBooks to be hide in OPAC
040 _aFEDL
_beng
_cFEDL
041 _aurd
_2eng
084 _a371.335, TAY
_qFEDL
100 _aTaylor E A
_9765861
245 0 _aManual of visual presentation in education and training
260 _aOxford, UK
_bPergamon Press
_c1966
300 _a282p.
942 _cHB
_h371.335, TAY
999 _c1351591
_d1351591